វិជ្ជាមេផ្ទះ វិជ្ជាធ្វើម្ហុបបែបខ្មែរ / (Record no. 6711)

MARC details
000 -LEADER
fixed length control field 01524nam a22002417a 4500
001 - CONTROL NUMBER
control field 6711
003 - CONTROL NUMBER IDENTIFIER
control field FISKH
005 - DATE AND TIME OF LATEST TRANSACTION
control field 20250521144554.0
008 - FIXED-LENGTH DATA ELEMENTS--GENERAL INFORMATION
fixed length control field 250521b cb ||||| |||| 00| 0 eng d
040 ## - CATALOGING SOURCE
Original cataloging agency FISKH
Language of cataloging khr
Transcribing agency FISKH
Modifying agency FISKH
082 ## - DEWEY DECIMAL CLASSIFICATION NUMBER
Classification number 641.5
100 ## - MAIN ENTRY--PERSONAL NAME
Personal name Chhengleang, Leap
245 ## - TITLE STATEMENT
Title វិជ្ជាមេផ្ទះ វិជ្ជាធ្វើម្ហុបបែបខ្មែរ /
Statement of responsibility, etc. អ្នកស្រី លាប ឆេងលាង​
260 ## - PUBLICATION, DISTRIBUTION, ETC.
Place of publication, distribution, etc. ភ្នំពេញ :
Name of publisher, distributor, etc. សុឺង ណាំហុង​ ,
300 ## - PHYSICAL DESCRIPTION
Extent 126 pages :
Other physical details illustrations ;
Dimensions 21 cm.
520 ## - SUMMARY, ETC.
Summary, etc. សៀវភៅ «វិជ្ជាធ្វើម្ហូបទំនើប» ដែលរៀបរៀងដោយ អ្នកស្រី លាប ឆេងលាង គឺជាសៀវភៅធ្វើម្ហូបខ្មែរដែលផ្តោតលើការបង្ហាញវិធីធ្វើម្ហូបប្រពៃណីខ្មែរដោយប្រើប្រាស់គ្រឿងផ្សំទំនើប និងបច្ចេកទេសថ្មីៗ។<br/>
520 ## - SUMMARY, ETC.
Summary, etc. The book "Modern Khmer Cooking", compiled by Ms. Leap Cheng Leang, is a Khmer cookbook that focuses on presenting traditional Khmer recipes using modern ingredients and contemporary techniques.<br/><br/><br/><br/><br/>
650 ## - SUBJECT ADDED ENTRY--TOPICAL TERM
Topical term or geographic name entry element វិជ្ជាធ្វើម្ហូប
650 ## - SUBJECT ADDED ENTRY--TOPICAL TERM
Topical term or geographic name entry element Cooking method
700 ## - ADDED ENTRY--PERSONAL NAME
Personal name Namhong, Soeung
Relator term Illustrator
942 ## - ADDED ENTRY ELEMENTS (KOHA)
Source of classification or shelving scheme Dewey Decimal Classification
Koha item type Khmer Books
Suppress in OPAC No
Holdings
Withdrawn status Lost status Source of classification or shelving scheme Damaged status Not for loan Collection Home library Current library Shelving location Date acquired Total Checkouts Full call number Barcode Date last seen Price effective from Koha item type
    Dewey Decimal Classification     Khmer Language Books / សៀវភៅភាសាខ្មែរ Footprints International School Library Network Toul Tom Poung Campus Footprints International School Library Network Toul Tom Poung Campus TTP Secondary Khmer Bookshelves 05/21/2025   CHH 641.5 FISSE02116 05/21/2025 05/21/2025 Khmer Books